000 01314nam a22003017a 4500
003 SEM
999 _c63522
_d63522
001 000240773
005 20220608072936.0
008 211209s2003 ai ||||gr|||||001|0 arm|d
020 _a9993076430
040 _cSEM
_aSEM
041 _aarm
080 _a34(4)/Է-14
100 1 _aԷգգե, Բյորն
245 1 0 _aՖրիտյոֆ Նանսենի պայքարը հանուն մարդու իրավունքների և մարդկային արժանապատվության /
_cԲ. Էգգե ; Խմբ.՝ Լ. Բարսեղյան
246 1 1 _aFridtjof Nansens kamp for menneskerettigheter og menneskeverd /
260 _aԵրևան :
_bա. հ.,
_c2003.
300 _a25 էջ :
_bլուսանկ.;
_c19 սմ
600 1 7 _aՆանսեն Ֆրիտյոֆ
_d(1861-1930)
650 _aՀումանիզմ
_xմարդու իրավունքներ
650 _aԴիվանագիտություն
_xմարդու իրավունքներ
653 _aՍԷՄ
700 _aԲարսեղյան Լավրենտի
_eխմբ.
_4edt.
710 2 _aՀայաստանի գիտությունների ազգային ակադեմիա
710 _aՀայոց ցեղասպանության թանգարան-ինստիտուտ
710 _aՖրիտյոֆ Նանսենի միջազգային հիմնադրամ
942 _2udc
_cBK